| 000 | 00437nam a2200157Ia 4500 | ||
|---|---|---|---|
| 008 | 210716s2003 xx 000 0 und d | ||
| 020 | _a0618519882 | ||
| 041 | _aeng | ||
| 082 | _a658.84 CANB | ||
| 100 | _aCanzer, Brahm. | ||
| 245 |
_aE business: strategic thinking and practice. _bStrategic thinking and practice |
||
| 250 | _a2 | ||
| 260 |
_aNew York _bHoughton mifflin Company _c2003 |
||
| 300 | _axvii,366 | ||
| 650 | _aE-Commerce | ||
| 999 |
_c200657 _d200657 |
||